| 000 | 00526 a2200181 4500 | ||
|---|---|---|---|
| 005 | 20240528150130.0 | ||
| 010 | _aB-759220 | ||
| 020 |
_a9788119099870 _c125.00 |
||
| 035 | _aB-759220 | ||
| 037 | _bGift | ||
| 082 | _a920 | ||
| 245 | _aFamous Illustrated Tales of Indian Sportspersons Women/ | ||
| 260 |
_aNoida _bMaple Press Private Limited _c2024 |
||
| 270 |
_aA-62 Sector-58 _bNoida _e201301 |
||
| 300 |
_a72 p. _c22 cm(Pb) |
||
| 942 |
_adpl _cCH _2ddc _h920 _mFAM |
||
| 999 |
_c203333 _d203333 |
||